000 00877cam a22002654a 4500
001 30288
005 20230410143547.0
008 990104s1999 nyu f 001 0 eng
035 _9(DLC) 99010048
035 _a739716
925 0 _aacquire
_b2 shelf copies
_xpolicy default
942 _2lcc
_cbk
010 _a 99010048
020 _a0867307595 (pbk.)
040 _aDLC
_cDLC
_dDLC
042 _apcc
050 1 4 _aTH 4817.3
_b.L764n 1999
082 0 0 _a643/.7
_221
100 1 _aLipinski, Edward R.,
_d1943-
245 1 4 _aThe New York Times home repair almanac :
_ba season-by-season guide for maintaining your home /
_cwritten and illustrated by Edward R. Lipinski.
260 _aNew York :
_bLebhar-Friedman Books,
_cc1999.
300 _a303 p. :
_bill. ;
_c26 cm.
500 _aIncludes index.
650 0 _aDwellings
_xMaintenance and repair
_xAmateurs' manuals.
999 _c103917
_d103917